Organization of global sourcing (Record no. 5213)

MARC details
000 -CABECERA
campo de control de longitud fija 01507nam a22002657a 4500
003 - IDENTIFICADOR DEL NÚMERO DE CONTROL
campo de control OSt
005 - FECHA Y HORA DE LA ÚLTIMA TRANSACCIÓN
campo de control 20260514172156.0
008 - DATOS DE LONGITUD FIJA--INFORMACIÓN GENERAL
campo de control de longitud fija 260121b |||||||| |||| 00| 0 eng d
022 ## - NÚMERO INTERNACIONAL NORMALIZADO PARA PUBLICACIONES SERIADAS
Número Internacional Normalizado para Publicaciones Seriadas 0969-7012
040 ## - FUENTE DE LA CATALOGACIÓN
Centro catalogador/agencia de origen TBS
Lengua de catalogación EN
Centro/agencia transcriptor TBS
041 ## - CÓDIGO DE LENGUA
Código de lengua del texto/banda sonora o título independiente eng
100 ## - ENTRADA PRINCIPAL--NOMBRE DE PERSONA
Nombre de persona Arnold, U.
9 (RLIN) 27069
Término indicativo de función/relación author
245 ## - MENCIÓN DE TÍTULO
Título Organization of global sourcing
Resto del título : ways towards an optimal degree of centralization
Mención de responsabilidad, etc. / U. Arnold.
260 ## - PUBLICACIÓN, DISTRIBUCIÓN, ETC.
Nombre del editor, distribuidor, etc. European Journal of Purchasing & Supply Management,
Fecha de publicación, distribución, etc. 1999
300 ## - DESCRIPCIÓN FÍSICA
Extensión 167-177 pages.
362 ## - FECHAS DE PUBLICACIÓN Y/O DESIGNACIÓN SECUENCIAL
Fecha de publicación y/o designación secuencial European journal of purchasing & supply management, 1999-09, Vol.5 (3), p.167-174
520 ## - SUMARIO, ETC.
Sumario, etc. Global sourcing is one of the most discussed aspects of supply chain management. Previous research in the field of purchasing focused on the strategic aspects of “going international”. In this paper, we want to concentrate on structural aspects of global sourcing, especially the degree of centralization of the global souring organization. Therefore, we use a combined theoretical and empirical methodology (case studies). This leads to three ideal organizational types for global sourcing which are described in detail.
630 #0 - PUNTO DE ACCESO ADICIONAL DE MATERIA--TÍTULO UNIFORME
Título uniforme MSc International Business
9 (RLIN) 26977
650 #0 - PUNTO DE ACCESO ADICIONAL DE MATERIA--TÉRMINO DE MATERIA
Término de materia o nombre geográfico como elemento de entrada Purchasing
Subdivisión general Management
9 (RLIN) 23193
650 #0 - PUNTO DE ACCESO ADICIONAL DE MATERIA--TÉRMINO DE MATERIA
Término de materia o nombre geográfico como elemento de entrada Business logistics
9 (RLIN) 2448
650 #0 - PUNTO DE ACCESO ADICIONAL DE MATERIA--TÉRMINO DE MATERIA
Término de materia o nombre geográfico como elemento de entrada Industrial procurement
9 (RLIN) 2625
650 #0 - PUNTO DE ACCESO ADICIONAL DE MATERIA--TÉRMINO DE MATERIA
Término de materia o nombre geográfico como elemento de entrada Physical distribution of goods
9 (RLIN) 23362
856 ## - LOCALIZACIÓN Y ACCESO ELECTRÓNICOS
Identificador Uniforme del Recurso <a href="https://research-ebsco-com.hub.tbs-education.fr/linkprocessor/plink?id=76a532b7-2567-3f14-81ff-efeb8a257317">https://research-ebsco-com.hub.tbs-education.fr/linkprocessor/plink?id=76a532b7-2567-3f14-81ff-efeb8a257317</a>
942 ## - ELEMENTOS DE ENTRADA AGREGADA (KOHA)
Fuente del sistema de clasificación o colocación Clasificación de Library of Congress
Holdings
Estado de retiro Estado de pérdida Fuente del sistema de clasificación o colocación Estado dañado No para préstamo Código de colección Biblioteca de origen Biblioteca actual Fecha de adquisición Total de préstamos Código de barras Fecha visto por última vez Identificador Uniforme del Recurso Precio válido a partir de Tipo de ítem Koha
    Clasificación de Library of Congress     Core Textbooks TBS Barcelona TBS Barcelona 14/05/2026   5213 14/05/2026 https://research-ebsco-com.hub.tbs-education.fr/linkprocessor/plink?id=76a532b7-2567-3f14-81ff-efeb8a257317 14/05/2026 Academic Article

Powered by Koha